00486nam a22001697a 450000500170000001000150001702000260003203500130005803700130007108200120008410000180009624500510011426000390016527000400020430000220024450000500026620130611144020.0 aENG-107551 a9788122202199c295.00 aEN-91084 bDBAD/PUB a615.852 aBergner, Paul aThe healing power of garlic /cby Paul Bergner aNew DelhibOrient Paperbacksc2012 a5A/8 Ansari RoadbNew Delhie110002 a263p. c22cm(pbk) aIncludes bibliographical references and index